logo

Bir Sreshtho Munshi Abdur Rouf Library
Jhenaidah Cadet College

প্রতিদ্বন্দ্বী / (Record no. 10718)

MARC details
000 -LEADER
fixed length control field 00824nam a2200241 a 4500
001 - CONTROL NUMBER
JCCL Control Number 10718
003 - CONTROL NUMBER IDENTIFIER
JCCL marc code BD-JhCC
005 - DATE AND TIME OF LATEST TRANSACTION
control field 20220804134023.0
008 - FIXED-LENGTH DATA ELEMENTS--GENERAL INFORMATION
fixed length control field 180811b20142018bg |||| ||a| 000 0 be d
020 ## - INTERNATIONAL STANDARD BOOK NUMBER
International Standard Book Number 9789849070597
035 ## - SYSTEM CONTROL NUMBER
system control number (BD-JhCC)10718
040 ## - CATALOGING SOURCE
Original cataloging agency BD-JhCC
Modifying agency BD-JhCC
041 ## - LANGUAGE CODE
Language code of Book ben
082 ## - DEWEY DECIMAL CLASSIFICATION NUMBER
Classification number 891.443
Author mark and Year JOL 2014
100 ## - MAIN ENTRY--PERSONAL NAME
Personal name জলদাস, হরিশংকর
245 ## - TITLE STATEMENT
Title প্রতিদ্বন্দ্বী /
Statement of responsibility, etc হরিশংকর জলদাস
260 ## - PUBLICATION, DISTRIBUTION, ETC. (IMPRINT)
Place of publication, distribution, etc ঢাকা :
Name of publisher, distributor, etc মওলা ব্রাদার্স ;
Date of publication, distribution, etc 2014.
300 ## - PHYSICAL DESCRIPTION
Pagination 152 p. :
Dimensions 20 cm.
500 ## - GENERAL NOTE
General note ব্র্যাক ব্যাংক-সমকাল সাহিত্য পুরষ্কার 2014 প্রাপ্ত ।
651 ## - SUBJECT ADDED ENTRY--GEOGRAPHIC NAME
Geographic name Bengoli Novel
942 ## - ADDED ENTRY ELEMENTS (KOHA)
Source of classification or shelving scheme Library of Congress Classification
Koha item type Books
Koha issues (borrowed), all copies 9
Holdings
Source of classification or shelving scheme Damaged status Not for loan Home library Current library Shelving location Date of accession Cost, normal purchase price Total Checkouts Full call number Barcode Date last seen Date checked out Copy number Koha item type
Dewey Decimal Classification     JCC Rouf Library JCC Rouf Library General Stacks 08/11/2018 250.00 7 891.443 JOL 2014 14513 08/04/2025 07/30/2025 C-1 Books
Dewey Decimal Classification     JCC Rouf Library JCC Rouf Library General Stacks 08/11/2018 250.00 4 891.443 JOL 2014 14512 09/18/2023 08/20/2023 C-2 Books
Dewey Decimal Classification     JCC Rouf Library JCC Rouf Library General Stacks 08/11/2018 250.00 3 891.443 JOL 2014 14511 02/03/2025 01/27/2025 C-3 Books

JCC Library | Contacts | JCC Home

Last Update on 23 September 2017
Copyright @ 2017-2020 JCC Rouf Library
Rouf Library, Jhenidah Cadet College (JCC), Bangladesh